All Therizinosaurids - Statistics

General Stats
  • This quiz has been taken 4 times
  • The average score is 4 of 11
Answer Stats
Name Meaning Name % Correct
Scythe Lizard Therizinosaurus
100%
Erlik’s Lizard Erlikosaurus
67%
Suzhou Lizard Suzhousaurus
67%
Two Claws Duonychus
33%
Enigma Lizard Enigmosaurus
33%
Erlian Lizard Erliansaurus
33%
Nei Mongol Lizard Neimongosaurus
33%
Slothful Claw Nothronychus
33%
Tidal Scythe Lizard Paralitherizinosaurus
33%
Nanxiong Lizard Nanshiungosaurus
0%
Slow Lizard Segnosaurus
0%
No matching quizzes found
Score Distribution
Percent of People with Each Score
Percentile by Number Answered
Your Score History
You have not taken this quiz